| 000 | 00549nam a2200193 a 4500 | ||
|---|---|---|---|
| 001 | 000033522 | ||
| 003 | DO-SdBNP | ||
| 005 | 20230405142203.0 | ||
| 007 | ta | ||
| 008 | 110411s1927 dr 000 0 spa d | ||
| 040 |
_aDO-SdBNP _bspa _cBNPHU |
||
| 082 | 4 |
_bE79a _222 |
|
| 245 | 0 | 0 | _aEstatutos de la Asociación de Maestros de Santo Domingo. |
| 260 |
_aSanto Domingo : _bImprenta Montalvo, _c1927. |
||
| 300 |
_a22 p. ; _c24 cm. |
||
| 590 | _aInventariado, 2018/VM | ||
| 710 | 2 |
_aAsociación de Maestros de Santo Domingo _959035 |
|
| 942 |
_2ddc _cLF2 |
||
| 999 |
_c33013 _d33013 |
||